|
|
|
|
| LEADER |
00000ny a22000003n 4500 |
| 005 |
20110609133822.0 |
| 008 |
080924s2002 sp s 000 0 spa c |
| 035 |
|
|
|a 120
|
| 040 |
|
|
|a UMA.RE
|d vLex
|
| 080 |
|
|
|a 351.713(460)(094.58)(0.034)
|
| 090 |
|
|
|c 615
|d 615
|
| 100 |
1 |
|
|a Gil del Campo, Miguel
|
| 245 |
1 |
0 |
|a Comentarios a las Resoluciones de la Direccion General de Tributos
|h [Recurso electrn̤ico]
|c por Miguel Gil del Campo
|
| 256 |
|
|
|a Servicio en ln̕ea
|
| 260 |
|
|
|a [S.l.] :
|b s.n.,
|c [2002]
|
| 310 |
|
|
|a Mensual
|
| 506 |
1 |
|
|a Contenido solo disponible en los productos indicados
|d vLex Global
|d vLex Global (Academic Edition, excluding Law Schools)
|d vLex Global (U.S. Academic Edition, Law Schools)
|d vLex Global (U.S. Academic Edition, excluding Law Schools)
|d vLex Global (Academic Edition, Law Schools)
|
| 610 |
1 |
4 |
|a Espaą.
|b Direccin̤ General de Tributos
|x Resoluciones
|x Publicaciones perid̤icas
|
| 650 |
0 |
7 |
|2 Tesauro vLex
|a Tributario
|
| 650 |
0 |
7 |
|2 Tesauro vLex
|a Derecho tributario
|
| 740 |
0 |
|
|a vLex Libros (Servicios en ln̕ea)
|
| 856 |
4 |
0 |
|z Acceso restringido
|u http://vlex.com/source/resoluciones-dgt-comentarios-120
|
| 942 |
|
|
|c BOOK
|
| 999 |
0 |
|
|a Taxation
|b Spain
|